| 000 | 00995cam a2200313 a 4500 | ||
|---|---|---|---|
| 001 | 1423547 | ||
| 003 | OSt | ||
| 005 | 20230620113611.0 | ||
| 008 | 840314s1984 dcu b 001 0 eng | ||
| 010 | _a 84005904 | ||
| 020 |
_a0871873087 (pbk.) : _c$11.50 |
||
| 040 |
_aDLC _cDLC _dDLC |
||
| 043 | _an-us--- | ||
| 050 | 0 | 0 |
_aJK573 _b 1984 |
| 082 | 0 | 0 |
_a320.473 _220 _bCRA |
| 100 | 1 |
_aCrabb, Cecil Van Meter, _d1924- |
|
| 245 | 1 | 0 |
_aInvitation to struggle : _bCongress, the president, and foreign policy / _cCecil V. Crabb, Jr., Pat M. Holt. |
| 250 | _a2nd ed. | ||
| 260 |
_aWashington, D.C. : _bCongressional Quarterly Inc., _cc1984. |
||
| 300 |
_axi, 267 p. ; _c23 cm. |
||
| 500 | _aIncludes index. | ||
| 504 | _aBibliography: p. 253-257. | ||
| 610 | 1 | 0 |
_aUnited States. _bCongress. |
| 650 | 0 |
_aPresidents _zUnited States. |
|
| 651 | 0 |
_aUnited States _xForeign relations _y1945-1989. |
|
| 700 | 1 | _aHolt, Pat M. | |
| 906 |
_a7 _bcbc _corignew _d1 _eocip _f19 _gy-gencatlg |
||
| 942 |
_2ddc _cBK |
||
| 999 |
_c1652 _d1652 |
||